Countries by Number of Serial Killers - Statistics

General Stats
  • This quiz has been taken 90 times
  • The average score is 7 of 10
Answer Stats
# of Killers Country % Correct
3,690 United States
100%
196 United Kingdom
89%
164 Russia
85%
125 Canada
78%
92 Australia
71%
99 Germany
71%
130 India
70%
138 Japan
70%
95 Italy
58%
129 South Africa
51%
No matching quizzes found
Score Distribution
Percent of People with Each Score
Percentile by Number Answered
Your Score History
You have not taken this quiz